000 00565cam a2200181 4500500
005 20260405001032.0
041 _afre
042 _adc
100 1 0 _aLegros, Martin
_eauthor
245 0 0 _aPascal Bruckner. « Recréer une utopie intelligente »
260 _c2010.
500 _a62
690 _aCouple
690 _aMariage
690 _aPascal Bruckner
786 0 _nPhilosophie magazine | 45 | 12 | 2010-12-01 | p. 19-19 | 1951-1787
856 4 1 _uhttps://shs.cairn.info/magazine-philosophie-magazine-2010-12-page-19?lang=fr&redirect-ssocas=7080
999 _c2043397
_d2043397